000 00426nam a22001577a 4500
005 20180226115450.0
008 160429b xxu||||| |||| 00| 0 eng d
020 _a81-297-0597-4
041 _aeng
082 _b00969
_a330.0285
100 _aMiranda J. Mario Fachler L. Paul
_9288
245 _aApplied Computational Economics & Finance.
260 _aNew Delhi
_bPearson Education,
650 _aManagement
_9241
942 _cBK
999 _c331
_d331